Principais aeroportos da região sudeste do Brasil - Statistics

Estatísticas Gerais
  • Esse quiz foi jogado 53 vezes
  • A pontuação média é 13 de 25
Estatísticas das Respostas
Estado Aeroporto % Correto
SP Guarulhos
93%
Congonhas
87%
RJ Galeão
82%
Santos Dumont
82%
Viracopos
76%
ES Vitória
76%
MG Confins
71%
Uberlândia
67%
Uberaba
62%
Ribeirão Preto
60%
São José do Rio Preto
60%
Campos dos Goytacazes
56%
Cabo Frio
51%
Governador Valadares
51%
Montes Claros
49%
Ipatinga
47%
Bauru
42%
Araçatuba
36%
Marília
33%
Patos de Minas
31%
Jacarepaguá
27%
Teófilo Otoni
22%
Araxá
20%
Zona da Mata
20%
Paracatu
11%
Nenhum quiz correspondente encontrado
Distribuição das Pontuações
Porcentagem de Pessoas com Cada Pontuação
Percentil de Números Respondidos
Sua Pontuação Histórica
Você não jogou esse quiz